00462nam a22001457a 4500008004100000020001700041041000800058080000700066100000700073101000800080245008700088942001200175999001700187952011200204180216b xxu||||| |||| 00| 0 eng d a078073050109 aeng a37 a48 aedu awasy wrting lessons that get kids ready fro wtiitng assessments cmary.r 2udccBK c42777d42777 00102udc40708PËKGa002b002cPËKGd2018-02-16l0o37 marp002-2997314r2018-02-16w2018-02-16yBK